Statistiques concernant Vainqueurs des 24h du Mans

Cliquez ici pour prendre le quiz!

Statistiques générales

  • Ce quiz a été pris 984 fois
    (591 depuis la dernière actualisation)
  • Le résultat moyen est 70 sur 91

Statistiques - réponses

AnnéeRéponse% Correct
2023Ferrari
98%
1949Ferrari
98%
1965Ferrari
98%
1964Ferrari
98%
1963Ferrari
98%
1962Ferrari
98%
1960Ferrari
98%
1958Ferrari
98%
1954Ferrari
98%
1961Ferrari
98%
1979Porsche
94%
2017Porsche
94%
1994Porsche
94%
1977Porsche
94%
1976Porsche
94%
1996Porsche
94%
1997Porsche
94%
1998Porsche
94%
1971Porsche
94%
1970Porsche
94%
1982Porsche
94%
1983Porsche
94%
1984Porsche
94%
1981Porsche
94%
1985Porsche
94%
2016Porsche
94%
1987Porsche
94%
1986Porsche
94%
2015Porsche
94%
2018Toyota
94%
2019Toyota
94%
2020Toyota
94%
2021Toyota
94%
2022Toyota
94%
2002Audi
91%
2008Audi
91%
2012Audi
91%
2011Audi
91%
2010Audi
91%
2006Audi
91%
2000Audi
91%
2007Audi
91%
2001Audi
91%
2005Audi
91%
2013Audi
91%
2004Audi
91%
2014Audi
91%
1992Peugeot
89%
2009Peugeot
89%
1993Peugeot
89%
1969Ford
87%
1968Ford
87%
1967Ford
87%
1966Ford
87%
1989Mercedes Benz
84%
1952Mercedes Benz
84%
1978Renault Alpine
84%
1999BMW
80%
2003Bentley
68%
1927Bentley
68%
1928Bentley
68%
1924Bentley
68%
1929Bentley
68%
1930Bentley
68%
1959Aston Martin
66%
1995McLaren
61%
1990Jaguar
58%
1953Jaguar
58%
1955Jaguar
58%
1956Jaguar
58%
1951Jaguar
58%
1957Jaguar
58%
1988Jaguar
58%
1939Bugatti
57%
1937Bugatti
57%
1991Mazda
57%
1934Alfa Romeo
52%
1931Alfa Romeo
52%
1932Alfa Romeo
52%
1933Alfa Romeo
52%
1972Matra
43%
1974Matra
43%
1973Matra
43%
1923Chenard et Walcker
24%
1980Rondeau
22%
1950Talbot
21%
1926Lorraine Dietrich
19%
1925Lorraine Dietrich
19%
1975Mirage
14%
1935Lagonda
13%
1938Delahaye
12%

Distribution des résultats

Percentile par nombre de réponses

% des personnes avec chaque résultat

Votre développement - résultats

Vous n’avez pas pris ce quiz depuis la dernière actualisation